[Event "Ayvalik Kiraz"]
[Site "Ayvalik"]
[Date "2023.10.19"]
[Round "2"]
[White "Atis, Hasan"]
[Black "Solak, Rade"]
[Result "1-0"]
[WhiteElo "1979"]
[BlackElo "1617"]
[PlyCount "105"]
[EventDate "2023.10.19"]
[EventType "tourn"]
[EventRounds "9"]
[EventCountry "TUR"]
[SourceTitle "Mega2024 Update 01"]
[Source "Chessbase"]
[SourceDate "2023.11.12"]
[SourceVersion "1"]
[SourceVersionDate "2023.11.12"]
[SourceQuality "1"]

1. e4 e6 2. d4 d5 3. Nd2 dxe4 4. Nxe4 Nd7 5. Nf3 Ngf6 6. Bd3 Be7 7. 0-0 0-0 8. Qe2 b6 9. Ne5 Bb7 10. Bf4 Nxe4 11. Bxe4 Bxe4 12. Qxe4 Nf6 13. Qd3 Nd5 14. Bd2 Bd6 15. Rfe1 c5 16. dxc5 Bxc5 17. Rad1 Qh4 18. Qf3 Nf6 19. Bf4 Rad8 20. Nc6 Rxd1 21. Rxd1 Nd5 22. Qg3 Qxf4 23. Qxf4 Nxf4 24. b4 Bxb4 25. Nxb4 a5 26. Nc6 Ne2+ 27. Kf1 Nc3 28. Rd7 g6 29. Rb7 Nd5 30. c4 Nc3 31. Rxb6 Ra8 32. a3 Kg7 33. f3 Kf6 34. Ke1 Na4 35. Rb5 Nc3 36. Rb3 Na4 37. Rb7 Nc5 38. Rb5 Na4 39. Kd2 Rc8 40. Nxa5 h5 41. Kd3 Nc5+ 42. Kd4 e5+ 43. Kd5 Na4 44. Kd6 h4 45. c5 h3 46. gxh3 Kf5 47. c6 Nc3 48. Rxe5+ Kf4 49. Rc5 Nb1 50. Kd7 Ra8 51. c7 Nxa3 52. Nc6 f5 53. Ra5 1-0

[Event "Ayvalik Elma"]
[Site "Ayvalik"]
[Date "2023.10.11"]
[Round "9"]
[White "Solak, Rade"]
[Black "Sahbudak, Baris Cinar"]
[Result "1/2-1/2"]
[WhiteElo "1617"]
[BlackElo "1726"]
[PlyCount "78"]
[EventDate "2023.10.09"]
[EventType "tourn"]
[EventRounds "9"]
[EventCountry "TUR"]
[SourceTitle "Mega2024 Update 01"]
[Source "Chessbase"]
[SourceDate "2023.11.12"]
[SourceVersion "1"]
[SourceVersionDate "2023.11.12"]
[SourceQuality "1"]

1. e4 c5 2. d3 g6 3. g3 Bg7 4. Bg2 Nc6 5. Nd2 e6 6. Ngf3 Nge7 7. 0-0 0-0 8. Re1 d6 9. a4 Nd4 10. c3 Nxf3+ 11. Nxf3 b6 12. h4 Bb7 13. h5 h6 14. Nh2 Nc6 15. f4 Rb8 16. Bh3 Re8 17. Qg4 Kh7 18. Nf3 Rg8 19. Be3 Bc8 20. Kf2 e5 21. hxg6+ fxg6 22. f5 Bf6 23. Rh1 Qe8 24. Bg2 h5 25. Rh2 Rg7 26. fxg6+ Qxg6 27. Qxh5+ Qxh5 28. Rxh5+ Kg8 29. Rah1 Bg4 30. Rh8+ Kf7 31. Rxb8 Nxb8 32. Nh4 Rh7 33. Nf5 Rxh1 34. Bxh1 Ke6 35. Nh6 Bd1 36. Bf3 Bxa4 37. Bg4+ Ke7 38. Ng8+ Kf7 39. Nxf6 Kxf6 1/2-1/2

[Event "Ayvalik Elma"]
[Site "Ayvalik"]
[Date "2023.10.09"]
[Round "1"]
[White "Eken, Atakan"]
[Black "Solak, Rade"]
[Result "1-0"]
[WhiteElo "1863"]
[BlackElo "1617"]
[PlyCount "115"]
[EventDate "2023.10.09"]
[EventType "tourn"]
[EventRounds "9"]
[EventCountry "TUR"]
[SourceTitle "Mega2024 Update 01"]
[Source "Chessbase"]
[SourceDate "2023.11.12"]
[SourceVersion "1"]
[SourceVersionDate "2023.11.12"]
[SourceQuality "1"]

1. e4 e6 2. d4 d5 3. Nd2 dxe4 4. Nxe4 Nd7 5. Nf3 Ngf6 6. Ng3 c5 7. c3 Qc7 8. Bd3 Be7 9. 0-0 0-0 10. Re1 Re8 11. Qe2 b6 12. Ng5 Nf8 13. dxc5 Bxc5 14. N5e4 Nxe4 15. Nxe4 Be7 16. Be3 Bb7 17. Rad1 Red8 18. Ng3 Rac8 19. Qh5 Rd5 20. Qe2 Rcd8 21. Bd4 Bc5 22. Be4 R5d7 23. Bxc5 Rxd1 24. Rxd1 Rxd1+ 25. Qxd1 bxc5 26. h3 Ba6 27. Qa4 Qb6 28. b3 Bb5 29. Qa3 f5 30. Bf3 g6 31. c4 Be8 32. Qb2 Nd7 33. Qd2 Ne5 34. Be2 Qc7 35. Qg5 Nf7 36. Qf6 Qe5 37. Qe7 Bc6 38. Bf1 f4 39. Ne2 f3 40. Ng3 fxg2 41. Bxg2 Bxg2 42. Kxg2 h5 43. h4 Nh6 44. Qe8+ Kh7 45. Qe7+ Kg8 46. Qxa7 Nf5 47. Qa8+ Kg7 48. Qb7+ Kh6 49. Nxf5+ gxf5 50. a4 Qf4 51. Qf3 Qxh4 52. Qe3+ Kg7 53. Qg3+ Qxg3+ 54. fxg3 e5 55. a5 f4 56. gxf4 e4 57. a6 h4 58. a7 1-0

[Event "Ayvalik Elma"]
[Site "Ayvalik"]
[Date "2023.10.09"]
[Round "3"]
[White "Solak, Rade"]
[Black "Gonen, Mutlu"]
[Result "1/2-1/2"]
[WhiteElo "1617"]
[BlackElo "1637"]
[PlyCount "192"]
[EventDate "2023.10.09"]
[EventType "tourn"]
[EventRounds "9"]
[EventCountry "TUR"]
[SourceTitle "Mega2024 Update 01"]
[Source "Chessbase"]
[SourceDate "2023.11.12"]
[SourceVersion "1"]
[SourceVersionDate "2023.11.12"]
[SourceQuality "1"]

1. e4 c5 2. d3 Nc6 3. Nf3 g6 4. g3 Bg7 5. Bg2 e6 6. 0-0 Nge7 7. Nbd2 0-0 8. Re1 d6 9. h4 h6 10. Nc4 d5 11. exd5 exd5 12. Nce5 Nf5 13. Nxc6 bxc6 14. Ne5 Bb7 15. h5 Re8 16. Nf3 g5 17. Bh3 Qf6 18. Nh2 Nd4 19. Be3 Qd6 20. c3 Ne6 21. Bd2 Ba6 22. Qf3 Nf8 23. Bf5 Nd7 24. Ng4 Ne5 25. Nxe5 Bxe5 26. Qg4 Bg7 27. f4 gxf4 28. Bxf4 Qf6 29. Rad1 Kh8 30. Kf2 Rg8 31. Be5 Qd8 32. Qf4 Qg5 33. Qxg5 hxg5 34. h6 Bxe5 35. Rxe5 Bc8 36. h7 Rf8 37. Bxc8 Raxc8 38. Rxg5 f6 39. Rg6 Rc7 40. Rh1 Rxh7 41. Rxh7+ Kxh7 42. Rg4 f5 43. Ra4 Rf7 44. Ra6 Rc7 45. Kf3 Kg6 46. Kf4 Kf6 47. Ra5 Ke6 48. Rxc5 Kd6 49. Ra5 Rg7 50. Kf3 Rh7 51. b3 Rg7 52. Ra4 Re7 53. Rh4 Re1 54. Rh7 Rf1+ 55. Ke2 Rg1 56. Rg7 Rg2+ 57. Kd1 f4 58. g4 Rxa2 59. Rf7 Rf2 60. Rxa7 f3 61. Rf7 Ke6 62. Rf8 Ke5 63. Rf5+ Ke6 64. d4 Rg2 65. Rxf3 Rxg4 66. Kc2 Rg2+ 67. Kd3 Rb2 68. b4 Rh2 69. Rf8 Rh3+ 70. Kc2 Ke7 71. Rg8 Kd7 72. Rg7+ Kd6 73. Kb3 Rh1 74. Rg6+ Kc7 75. Rg2 Rb1+ 76. Rb2 Re1 77. Rc2 Kb6 78. c4 Rb1+ 79. Kc3 Rf1 80. cxd5 cxd5 81. Kb3 Rd1 82. Kc3 Kb5 83. Rb2 Rc1+ 84. Kd3 Rc4 85. Rc2 Rxc2 86. Kxc2 Kxb4 87. Kb2 Kc4 88. Kc2 Kb4 89. Kb2 Kc4 90. Kc2 Kxd4 91. Kd2 Ke4 92. Ke2 d4 93. Kd2 d3 94. Kd1 Ke3 95. Ke1 d2+ 96. Kd1 Kd3 1/2-1/2

[Event "Veliko Gradiste Silver Lake op"]
[Site "Veliko Gradiste"]
[Date "2019.06.18"]
[Round "4"]
[White "Solak, Rade"]
[Black "Volkov, Dmitry V"]
[Result "0-1"]
[WhiteElo "1842"]
[BlackElo "2206"]
[PlyCount "92"]
[EventDate "2019.06.16"]
[EventType "swiss"]
[EventRounds "9"]
[EventCountry "SRB"]
[SourceTitle "CBM 191 Extra"]
[Source "ChessBase"]
[SourceDate "2019.09.30"]
[SourceVersion "1"]
[SourceVersionDate "2019.09.30"]
[SourceQuality "1"]

1. e4 e5 2. Bc4 Nf6 3. d3 Nc6 4. Nc3 Na5 5. Nf3 Nxc4 6. dxc4 Bb4 7. Qd3 Bxc3+ 8. Qxc3 0-0 9. Qd3 h6 10. Bd2 b6 11. 0-0-0 Bb7 12. Rde1 d6 13. h3 Nd7 14. Bb4 a5 15. Ba3 f5 16. Nd2 fxe4 17. Nxe4 Bxe4 18. Rxe4 Rxf2 19. Rg4 Kh8 20. Re1 Qf6 21. Kb1 Rf8 22. b3 Rf1 23. Rxf1 Qxf1+ 24. Kb2 Qxd3 25. cxd3 Rf2+ 26. Kc3 Nf6 27. Rg3 Nh5 28. Rf3 Rxf3 29. gxf3 Nf4 30. Bc1 Nxh3 31. Be3 Nf4 32. Bf2 Kg8 33. Kd2 Ne6 34. Ke3 Kf7 35. Ke4 Nc5+ 36. Ke3 Ke6 37. d4 exd4+ 38. Kxd4 g5 39. Be3 c6 40. f4 g4 41. f5+ Kxf5 42. Bxh6 g3 43. Be3 Kg4 44. Kc3 Kf3 45. Bg1 Ne4+ 46. Kd3 Nf2+ 0-1

[Event "Novi Sad-Turkey GpB"]
[Site "Novi Sad"]
[Date "2018.08.12"]
[Round "8"]
[White "Celik, Eylul"]
[Black "Solak, Rade"]
[Result "1-0"]
[WhiteElo "1907"]
[BlackElo "1860"]
[PlyCount "79"]
[EventDate "2018.08.07"]
[EventType "schev"]
[EventRounds "10"]
[EventCountry "SRB"]
[SourceTitle "CBM 186 Extra"]
[Source "ChessBase"]
[SourceDate "2018.08.24"]
[SourceVersion "1"]
[SourceVersionDate "2018.08.24"]
[SourceQuality "1"]

1. d4 Nf6 2. c4 g6 3. Nc3 d5 4. Nf3 Bg7 5. Qb3 c6 6. cxd5 cxd5 7. Bg5 e6 8. e3 0-0 9. Be2 Nc6 10. h3 Bd7 11. 0-0 Rc8 12. Ne5 Na5 13. Qa3 Re8 14. Nxd7 Qxd7 15. Qxa5 a6 16. Bxf6 Bxf6 17. Rac1 Bd8 18. Qa4 Rc6 19. Rfd1 Bc7 20. e4 Kg7 21. e5 f6 22. exf6+ Kxf6 23. Rd3 Re7 24. Qd1 Qc8 25. g3 b5 26. Nxd5+ exd5 27. Rxc6+ Kg7 28. Bg4 Qe8 29. Rxc7 Rxc7 30. Re3 Qf8 31. Qe1 h5 32. Bf3 Qc8 33. Re7+ Rxe7 34. Qxe7+ Kh6 35. Kg2 Qc4 36. Qf8+ Kh7 37. Qf7+ Kh6 38. Bxd5 Qxd4 39. Qf4+ Qxf4 40. gxf4 1-0

[Event "Novi Sad-Turkey GpB"]
[Site "Novi Sad"]
[Date "2018.08.11"]
[Round "6"]
[White "Saglam, Emrah Sitki"]
[Black "Solak, Rade"]
[Result "0-1"]
[WhiteElo "1578"]
[BlackElo "1860"]
[PlyCount "76"]
[EventDate "2018.08.07"]
[EventType "schev"]
[EventRounds "10"]
[EventCountry "SRB"]
[SourceTitle "CBM 186 Extra"]
[Source "ChessBase"]
[SourceDate "2018.08.24"]
[SourceVersion "1"]
[SourceVersionDate "2018.08.24"]
[SourceQuality "1"]

1. d4 Nf6 2. c4 g6 3. Nc3 d5 4. cxd5 Nxd5 5. Qb3 Nxc3 6. Qxc3 Bg7 7. Nf3 b6 8. Bf4 c5 9. e3 0-0 10. Bc4 Bb7 11. Be5 Bxe5 12. dxe5 Bxf3 13. gxf3 e6 14. h4 h5 15. Rd1 Qe7 16. Qc2 Nc6 17. Qe4 Na5 18. Bd3 c4 19. Bc2 Rfd8 20. Rg1 Rxd1+ 21. Kxd1 Rd8+ 22. Ke2 Rd5 23. Rg5 b5 24. Rxh5 Nb7 25. Rg5 Nc5 26. Qg4 Nd3 27. f4 Nxf2 28. Qg2 Qd7 29. Kf3 Nd3 30. Bxd3 Rxd3 31. Rxg6+ fxg6 32. Qxg6+ Kf8 33. Qf6+ Qf7 34. Qh6+ Ke7 35. Qg5+ Kd7 36. h5 Qf5 37. Qg7+ Kc6 38. h6 Qh3+ 0-1

[Event "Vojvodina-ch 7th"]
[Site "Novi Sad"]
[Date "2016.07.15"]
[Round "1"]
[White "Solak, Rade"]
[Black "Dobrov, Vladimir"]
[Result "0-1"]
[WhiteElo "1994"]
[BlackElo "2505"]
[PlyCount "47"]
[EventDate "2016.07.15"]
[EventType "swiss"]
[EventRounds "9"]
[EventCountry "YUG"]
[SourceTitle "CBM 173 Extra"]
[Source "ChessBase"]
[SourceDate "2016.08.29"]
[SourceVersion "1"]
[SourceVersionDate "2016.08.29"]
[SourceQuality "1"]

1. e4 c5 2. d3 Nc6 3. Nd2 d5 4. Ngf3 g6 5. g3 Bg7 6. Bg2 Nf6 7. 0-0 0-0 8. Re1 h6 9. exd5 Nxd5 10. Nc4 Qc7 11. Bd2 b5 12. Nfe5 Nxe5 13. Bxd5 Bg4 14. f3 Nxf3+ 15. Bxf3 Bxf3 16. Qxf3 bxc4 17. dxc4 Bxb2 18. Rab1 Bg7 19. Rb7 Qd8 20. Bf4 Qd4+ 21. Qf2 e6 22. Be3 Qxc4 23. Bxc5 Rac8 24. Bxf8 0-1

[Event "Chigorin Memorial 21st"]
[Site "St Petersburg"]
[Date "2013.10.11"]
[Round "7"]
[White "Kalinin, Nikita"]
[Black "Solak, Rade"]
[Result "1-0"]
[WhiteElo "2167"]
[BlackElo "1977"]
[PlyCount "83"]
[EventDate "2013.10.05"]
[EventType "swiss"]
[EventRounds "9"]
[EventCountry "RUS"]
[SourceTitle "CBM 156 Extra"]
[Source "ChessBase"]
[SourceDate "2013.10.22"]
[SourceVersion "1"]
[SourceVersionDate "2013.10.22"]
[SourceQuality "1"]

1. e4 e6 2. d4 d5 3. Nc3 Bb4 4. e5 c5 5. Bd2 Nc6 6. Nb5 Bxd2+ 7. Qxd2 Nxd4 8. Nxd4 cxd4 9. 0-0-0 Ne7 10. f4 Bd7 11. Nf3 Rc8 12. Nxd4 Qc7 13. h4 a6 14. h5 Nc6 15. Nxc6 bxc6 16. Rh3 c5 17. c4 Bc6 18. g4 0-0 19. Qf2 f6 20. cxd5 Bxd5 21. Bxa6 Ra8 22. Ra3 fxe5 23. f5 Qc6 24. Bd3 Rxa3 25. bxa3 c4 26. Bb1 Qa4 27. Qe3 Rb8 28. Bc2 Qb5 29. Qxe5 Rb6 30. fxe6 Bxe6 31. Rd8+ Kf7 32. Qf4+ Bf5 33. Qxf5+ Qxf5 34. Bxf5 g6 35. Bc2 gxh5 36. gxh5 Rb5 37. Rd7+ Ke6 38. Rxh7 Ke5 39. h6 Kd4 40. Rg7 Rh5 41. h7 Rh3 42. Rg8 1-0

[Event "Chigorin Memorial 21st"]
[Site "St Petersburg"]
[Date "2013.10.09"]
[Round "5"]
[White "Gorlanov, Vladislav"]
[Black "Solak, Rade"]
[Result "1-0"]
[WhiteElo "2249"]
[BlackElo "1977"]
[PlyCount "57"]
[EventDate "2013.10.05"]
[EventType "swiss"]
[EventRounds "9"]
[EventCountry "RUS"]
[SourceTitle "CBM 156 Extra"]
[Source "ChessBase"]
[SourceDate "2013.10.22"]
[SourceVersion "1"]
[SourceVersionDate "2013.10.22"]
[SourceQuality "1"]

1. d4 e6 2. e4 d5 3. Nc3 Bb4 4. exd5 exd5 5. Qf3 Nc6 6. Be3 Nf6 7. Bd3 Qe7 8. Kf1 Be6 9. h3 a6 10. Nge2 0-0-0 11. Na4 Kb8 12. c3 Bd6 13. b4 Bd7 14. Nc5 Bxc5 15. bxc5 Ne4 16. Rb1 Ka7 17. Nf4 Bf5 18. Qd1 Nxc3 19. Rxb7+ Kxb7 20. Qb3+ Ka7 21. Bxf5 Ne4 22. Nxd5 Nxd4 23. Nxe7 Nd2+ 24. Bxd2 Nxb3 25. Nc6+ Ka8 26. Nxd8 Nxd2+ 27. Ke2 Rxd8 28. Bd3 Rd5 29. Rc1 1-0